Statistics for Higher or Lower Footballers Instagram Followers

Click here to take the quiz!

General Stats

  • This quiz has been taken 61 times
  • The average score is 4 of 12

Answer Stats

QuestionAnswer% Correct
Robert Lewandowski Higher or Lower than Didier DrogbaHigher
77%
Eric Cantona Higher or Lower than Dimitar BerbatovHigher
72%
Dries Mertens Higher or Lower than Kalidou KoulibalyHigher
54%
Kepa Higher or Lower than Petr CechLower
49%
Kai Havertz Higher or Lower than Timo WernerLower
33%
Pele Higher or Lower than Diego MaradonaLower
28%
Marco Reus Higher or Lower than Thomas MullerHigher
23%
Kylian Mbappe Higher or Lower than RonaldinhoLower
20%
Khama Billiat Higher or Lower than Michail AntonioHigher
13%
Xavi Higher or Lower than Xabi AlonsoSame
7%
Hakim Ziyech Higher or Lower than David OspinaSame
5%
Theirry Henry Higher or Lower than Xavi SimmonsSame
3%

Score Distribution

Percentile by Number Answered

Percent of People with Each Score

Your Score History

You have not taken this quiz